História da sociedade brasileira (Record no. 187018)
[ view plain ]
| 000 -LÍDER | |
|---|---|
| campo de controle de tamanho fixo | 00401 a2200169 4500 |
| 001 - NÚMERO DE CONTROLE | |
| campo de controle | 187018 |
| 020 ## - ISBN - INTERNATIONAL STANDARD BOOK NUMBER | |
| ISBN - International Standard Book Number | 85-215-0738-0 |
| 040 ## - FONTE DA CATALOGAÇÃO | |
| Instituição que transcreveu o registro | Magnum |
| 100 ## - ENTRADA PRINCIPAL--NOME PESSOAL | |
| Nome pessoal | Ramalho, Lucia Carpi |
| 240 10 - TÍTULO UNIFORME | |
| Título uniforme | História da sociedade brasileira |
| Idioma da obra | por |
| 245 10 - TÍTULO | |
| Título | História da sociedade brasileira |
| 300 ## - DESCRIÇÃO FÍSICA | |
| Extensão | 467 |
| 362 0# - DATAS DE PUBLICAÇÃO E/OU DESIGNAÇÃO SEQUENCIAL | |
| Datas de publicação e/ou designação sequencial | 1998 |
| 440 #1 - DECLARAÇÃO DE SÉRIE/ENTRADA ADICIONADA--TÍTULO | |
| Título | Ao Livro Técnico |
| 697 ## - ENTRADA DE ASSUNTO LOCAL--ENTIDADE COLETIVA (RLIN) | |
| Nome corporativo ou nome da jurisdição | HISTÓRIA DO BRASIL |
| 942 ## - ELEMENTOS DE ENTRADA ADICIONADOS (KOHA) | |
| Tipo de material Koha | Livros |
| Situação do descarte | Situação das perdas | Situação física | Não pode ser emprestado | Biblioteca de origem | Biblioteca atual | Data de aquisição | Total de empréstimos | Número de chamada completo | Código de barras | Data de último acesso | Data do preço efetivo | Tipo de material Koha |
|---|---|---|---|---|---|---|---|---|---|---|---|---|
| Magnum | Magnum | 08/06/2024 | 1.9 | MAG00056022 | 08/06/2024 | 08/06/2024 | Livros | |||||
| Magnum | Magnum | 08/06/2024 | 1.9 | MAG00056023 | 08/06/2024 | 08/06/2024 | Livros | |||||
| Magnum | Magnum | 08/06/2024 | 1.9 | MAG00056024 | 08/06/2024 | 08/06/2024 | Livros | |||||
| Magnum | Magnum | 08/06/2024 | 1.9 | MAG00056025 | 08/06/2024 | 08/06/2024 | Livros |